Music Quiz

Random Music or Song Quiz

Missing Middles: 3-Word Songs Quiz Stats

Quiz Updated Feb 19, 2016

Challenge
Share
Tweet
Embed
Score 0/40 Timer 04:00
7 Plays Today
% Correct
Will
92.8%
Stop
92.5%
Out
91.8%
With
91.7%
Me
91.3%
This
91.1%
Ice
91.1%
It
90.7%
Bills
89.3%
Lotta
89.2%
The
89.1%
Fields
88.5%
Bye
87.7%
Like
86.5%
No
85.9%
He
83.8%
Get
83.7%
Open
83.6%
Jack
83.2%
Got
82.8%
% Correct
Bottomed
82.6%
Doves
81.9%
Shook
81.8%
There
81.8%
Soul
80.1%
Moon
78.1%
Gotta
77.4%
Magic
76.2%
Oughta
73.9%
Sail
71.4%
Good
69.4%
For
69.3%
Nation
66.8%
Isla
62%
Hole
60.4%
Friday
57.5%
Or
55.4%
Longest
53.2%
Miss
49.9%
Lazy
40.5%

You're not logged in!

Compare scores with friends on all Sporcle quizzes.
Sign Up with Email
OR
Log In

You Might Also Like...

Show Comments

Extras

Top Quizzes Today


Score Distribution

Your Account Isn't Verified!

In order to create a playlist on Sporcle, you need to verify the email address you used during registration. Go to your Sporcle Settings to finish the process.